<?xml version="1.0" encoding="UTF-8"?>
<record
    xmlns:xsi="http://www.w3.org/2001/XMLSchema-instance"
    xsi:schemaLocation="http://www.loc.gov/MARC21/slim http://www.loc.gov/standards/marcxml/schema/MARC21slim.xsd"
    xmlns="http://www.loc.gov/MARC21/slim">

  <leader>01662nam a22001817a 4500</leader>
  <controlfield tag="008">120917t        xxu||||| |||| 00| 0 eng d</controlfield>
  <datafield tag="020" ind1=" " ind2=" ">
    <subfield code="a">2090338547</subfield>
  </datafield>
  <datafield tag="050" ind1=" " ind2=" ">
    <subfield code="a">PC2129.E5 G501</subfield>
  </datafield>
  <datafield tag="100" ind1=" " ind2=" ">
    <subfield code="a">Gregoire, Maria</subfield>
  </datafield>
  <datafield tag="245" ind1=" " ind2=" ">
    <subfield code="a">Grammaire progressive: du francaise. /</subfield>
    <subfield code="c">Maria Gregoire and Odile Thievenaz.</subfield>
  </datafield>
  <datafield tag="260" ind1=" " ind2=" ">
    <subfield code="a">Paris:</subfield>
    <subfield code="b">CLE International,</subfield>
    <subfield code="c">c2002.</subfield>
  </datafield>
  <datafield tag="300" ind1=" " ind2=" ">
    <subfield code="a">255 p.:</subfield>
    <subfield code="b">ill.;</subfield>
    <subfield code="c">26cm.</subfield>
  </datafield>
  <datafield tag="500" ind1=" " ind2=" ">
    <subfield code="a">Includes index.</subfield>
  </datafield>
  <datafield tag="505" ind1=" " ind2=" ">
    <subfield code="a">Contents: Le Verbe etre -- La' Adjectif -- La negagation et l'interrogation -- Le nom et l'article -- C'est et il est -- Les possessifs -- Les noms de parente et de groupe -- Les demonstratifs -- Il y a et c'est -- La situation dans l'espace -- Le verbe avoir -- L' adjectif -- Les nombres -- Le temps -- Les indefinis -- Les verbs en er au present -- Le temps -- L' adverbe -- L' expression de la quantite -- Le pronom en -- La situation dans L'espace -- Le comparatif et le superlatif -- Le verbe aller -- Le pronom y -- La situation dans l'espace et le temps -- Les verbes en ir oir et re -- Les verbes pronomaux -- Les pronoms complements -- L'imperatif -- Le conditionnel -- Les pronoms toniques -- Les relatifs -- L'interrogation -- La negation -- Le discourse indirect -- Le gerondif -- Les prepositions et les verbes -- Les verbes de deplacement -- Le future proche -- Le passe compose -- Le temps -- Le passif -- L'imparfait -- Le plus-que-parfait -- Le discours indirect -- Venir de entre en train de entre sur le point de -- Le future simple -- Le future anterieur -- Le conditionnel -- Les hypothesis -- Le subjonctif -- Les relations logiques.</subfield>
  </datafield>
  <datafield tag="650" ind1=" " ind2=" ">
    <subfield code="b">French</subfield>
  </datafield>
  <datafield tag="700" ind1=" " ind2=" ">
    <subfield code="a">Thievenaz, Odile</subfield>
  </datafield>
  <datafield tag="942" ind1=" " ind2=" ">
    <subfield code="2">lcc</subfield>
    <subfield code="c">BK</subfield>
  </datafield>
  <datafield tag="999" ind1=" " ind2=" ">
    <subfield code="c">2343</subfield>
    <subfield code="d">9843</subfield>
  </datafield>
  <datafield tag="952" ind1=" " ind2=" ">
    <subfield code="0">0</subfield>
    <subfield code="1">0</subfield>
    <subfield code="2">lcc</subfield>
    <subfield code="4">0</subfield>
    <subfield code="7">0</subfield>
    <subfield code="a">WIUC-1</subfield>
    <subfield code="b">WIUC-1</subfield>
    <subfield code="c">GEN</subfield>
    <subfield code="d">2012-09-17</subfield>
    <subfield code="l">0</subfield>
    <subfield code="o">PC2129.E5 G501</subfield>
    <subfield code="p">4228/12</subfield>
    <subfield code="r">2012-09-17 00:00:00</subfield>
    <subfield code="w">2012-09-17</subfield>
    <subfield code="y">BK</subfield>
  </datafield>
</record>
